| 000 | 00955nam a2200241Ia 4500 | ||
|---|---|---|---|
| 003 | BUBTL | ||
| 008 | 151213s9999 xx 000 0 und d | ||
| 041 | _aবাংলা ও ইংরেজী | ||
| 050 | _a | ||
| 082 | _a346.022/ H7949l/ 2007 | ||
| 100 |
_aহোসেন, ইসতিয়াক ব্যারিস্টার _95531 |
||
| 245 |
_aচুক্তি ও টর্ট আইন/ _cব্যারিস্টার ইসতিয়াক হোসেন ও শাহনাজ পারভীন |
||
| 250 | _a৪র্থ সং | ||
| 260 |
_aঢাকা _bধানসিড়িঁ লাইব্রেরী _cc2007 |
||
| 300 |
_a285 p. : _bill. ; 21 cm. |
||
| 526 | _aLaw | ||
| 650 | _aLaw | ||
| 650 | _a | ||
| 700 |
_aইসতিয়াক হোসেন ও শাহনাজ পারভীন _95532 |
||
| 856 |
_k0 _l0 _yDownload |
||
| 942 |
_2ddc _cBK |
||
| 999 |
_c3161 _d3161 |
||